| 000 | 005200000a22002050004500 | ||
|---|---|---|---|
| 003 | LK-CoMWRAF | ||
| 005 | 20240103121020.0 | ||
| 008 | 230817t ||||| |||| 00| 0 eng d | ||
| 020 | _a8179470644 | ||
| 040 |
_aLK-CoMWRAF _dLK-CoMWRAF _eLK-CoMWRAF |
||
| 041 | _aeng | ||
| 082 |
_a823 _bMIR |
||
| 245 | _aMiracles of Allah | ||
| 260 |
_aNew Delhi (India) : _bLittle angel's world, _c2004 |
||
| 300 | _a24p | ||
| 650 | _aShort stories | ||
| 700 |
_aAneesa, S. _ecomp. |
||
| 700 |
_aBiswas, Sijan _eills. |
||
| 942 | _cBK | ||
| 999 |
_c1488 _d1488 |
||